Helsingin katuja 10: Etu-Töölö - Statistics

Yleistilastot
  • Tätä visaa on pelattu 100 kertaa
  • Keskiarvotulos 19 / 46
Vastaustilastot
nimi % Oikein
katu Runeberginkatu – Runebergsgatan
86%
katu Mechelininkatu – Mechelingatan
85%
katu Museokatu – Museigatan
83%
katu Arkadiankatu – Arkadiagatan
78%
katu Töölönkatu – Tölögatan
78%
katu Eteläinen Hesperiankatu – Södra Hesperiagatan
76%
katu Mannerheimintie – Mannerheimvägen
74%
katu Apollonkatu – Apollogatan
69%
katu Pohjoinen Hesperiankatu – Norra Hesperiagatan
65%
katu Temppelikatu – Tempelgatan
63%
katu Tunturikatu – Fjälldalsgatan
63%
katu Pohjoinen Rautatiekatu – Norra Järnvägsgatan
59%
katu Fredrikinkatu – Fredriksgatan
58%
katu Oksasenkatu – Oksanengatan
55%
katu Väinämöisenkatu – Väinämöinengatan
55%
katu Caloniuksenkatu – Caloniusgatan
53%
katu Hietaniemenkatu – Sanduddsgatan
53%
katu Nervanderinkatu – Nervandersgatan
51%
katu Aurorankatu – Auroragatan
50%
katu Ilmarinkatu – Ilmarigatan
50%
katu Dagmarinkatu – Dagmarsgatan
48%
katu Sammonkatu – Sampogatan
48%
katu Cygnaeuksenkatu – Cygnaeusgatan
45%
katu Vänrikki Stoolin katu – Fänrik Ståls gata
45%
katu Freesenkatu – Fresegatan
44%
katu Leppäsuonkatu – Alkärrsgatan
40%
katu Eduskuntakatu – Riksdagsgatan
39%
katu Minervankatu – Minervagatan
35%
katu Perhonkatu – Perhogatan
34%
katu Lutherinkatu – Luthergatan
33%
katu Ainonkatu – Ainogatan
30%
katu Lapuankatu – Lappogatan
28%
polku Baana – Banan
25%
katu Hiekkarannantie – Sandstrandsvägen
19%
katu Krematoriontie – Krematorievägen
16%
katu Töölönlahdenkatu – Tölöviksgatan
16%
katu Tuonelankuja – Tuonelagränden
16%
katu Hietakannaksentie – Sandnäsvägen
15%
aukio Karamzininranta – Karamzins strand
14%
polku Lemminkäisenkuja – Lemminkäinengränd
14%
polku Minervanpolku – Minervastigen
11%
aukio Leppäsuonaukio – Alkärrsplatsen
8%
aukio Malmsténinkulma – Malmsténshörnet
6%
aukio H. F. Antellin aukio – H. F. Antells plats
4%
aukio J. R. Aspelinin aukio – J. R. Aspelins plats
0%
aukio Martta Ypyän aukio – Martta Ypyäs plats
0%
Ehtoja vastaavia visoja ei löytynyt
Tulosjakauma
Jokaisen tuloksen saaneiden osuus
Persentiili vastausten määrän mukaan
Tuloshistoriasi
Et ole pelannut tätä visaa